000 00601nam a2200217 a 4500
001 17624
003 CO-ViMGA
008 141112s2004 ck r 000 u spa d
020 _a9583006467
040 _aCO-ViMGA
_bspa
_cCO-ViMGA
082 0 4 _a641.5 M673s
100 1 _aMoreno Blanco, Lácydes
_924982
245 1 0 _aSabores del pasado . Recetas y hechos diversos
260 _aBogotá,
_cPanAméricana,
_c2002
300 _a312.p.
590 _aForma de adquisición : Premio - Mincultura
650 1 4 _aCOCINA
650 1 4 _aCOCINA COLOMBIANA
_98026
650 1 4 _aRECETAS
_98027
942 _2ddc
_cBK
999 _c27117
_d27117